Star Wars Characters - Statistics

General Stats
  • This quiz has been taken 35 times
  • The average score is 12 of 15
Answer Stats
Description Answer % Correct
Son of Jango Fett Boba Fett
100%
Jedi who decapitated Jango Fett Mace Windu
96%
Captain of the 501st Legion Captain Rex
92%
Birth number: FN-2187 Finn
92%
Jabba's second in command Bib Fortuna
88%
Darth Maul's brother Savage Opress
88%
Darth Sidious' master Darth Plagueis
75%
Leader of the Nightsisters Mother Talzin
75%
He and Luke were the only surviving members of Red Squadron after the Battle of Yavin Wedge Antilles
71%
Went by the callsign Red 3 during the Battle of Yavin, and was killed by Vader Biggs Darklighter
67%
Sith who created the Rule of 2 Darth Bane
67%
Jedi general who betrayed the Republic on Umbara Pong Krell
67%
Kit Fisto's padawan who was killed by Grievous Nahdar Vebb
63%
This character was first seen in The Clone Wars, and was in Rogue One Saw Gerrera
63%
Leader of Phoenix Squadron Hera Syndulla
50%
No matching quizzes found
Score Distribution
Percent of People with Each Score
Percentile by Number Answered
Your Score History
You have not taken this quiz